000
00243 a2200097 4500
090
_c
4439
_d
4439
100
_a
Irshad Ullah Khan
245
_a
This Nuclear Night of Winter Light
260
_a
Eastern
_b
Islamabad
_c
2001
942
_a
NBS
_c
BK
_k
821 KHA
999
_c
346882
_d
346882